000 00370nam a2200133Ia 4500
008 151001s9999||||xx |||||||||||||| ||und||
100 _aरमेश पटवर्धन
245 _aजांभूळ पाडा
250 _a1
260 _bसमाधी प्रकाशन नाशिक
260 _c1998
300 _a132
365 _b21
999 _c975186
_d975183